O probléme cenovej dohody obchodných jednotiek v závislosti na ich lokalizácii

Kombinácia teórie grafov a teórie hier do oblasti lokalizácie obchodných jednotiek. Dopyt po tovare ako úloha z teórie grafov. Formulácia cenotvornej hry s jedným spotrebiteľským a dvomi predajnými centrami. Analýza optimálneho správania sa cenotvorcov v zákaznícko - predajnej štruktúre s nerovnakým...

Full description

Saved in:
Bibliographic Details
Main Author: Výrost, Tomáš, 1978-
Other Authors: Andrejkovič, Marek, Hudák, Matúš, Gazda, Vladimír, Meteňko, Anton
Format: Book Chapter
Language:Slovak
Subjects:
Tags: Add Tag
No Tags, Be the first to tag this record!

MARC

LEADER 00000nla$a2200000$$$4500
001 0051171
005 20240502071608.7
041 0 |a slo 
044 |a SK 
245 1 0 |a O probléme cenovej dohody obchodných jednotiek v závislosti na ich lokalizácii  |c Tomáš Výrost, Marek Andrejkovič, Matúš Hudák, Vladimír Gazda, Anton Meteňko 
520 |a Kombinácia teórie grafov a teórie hier do oblasti lokalizácie obchodných jednotiek. Dopyt po tovare ako úloha z teórie grafov. Formulácia cenotvornej hry s jedným spotrebiteľským a dvomi predajnými centrami. Analýza optimálneho správania sa cenotvorcov v zákaznícko - predajnej štruktúre s nerovnakými nákladmi vyhľadávania. 
610 2 0 |a ceny 
610 2 0 |a tvorba cien 
610 2 0 |a obchod 
610 2 0 |a predajne 
610 2 0 |a centrá nákupné 
610 2 0 |a spotrebitelia 
610 2 0 |a náklady 
100 1 |a Výrost, Tomáš, 1978- 
700 1 |a Andrejkovič, Marek 
700 1 |a Hudák, Matúš 
700 1 |a Gazda, Vladimír 
700 1 |a Meteňko, Anton